[Event "MSRCH16"]
[Site "?"]
[Date "2026.04.11"]
[Round "2.17"]
[White "Boros, David"]
[Black "Vanco, Simon"]
[Result "1-0"]
[BlackElo "1681"]
[WhiteElo "1966"]
[LiveChessVersion "1.4.8"]

1. e4 {[%clk 1:30:54]} d6 {[%clk 1:30:53]} 2. d4 {[%clk 1:31:13]} Nf6
{[%clk 1:31:16]} 3. Nc3 {[%clk 1:31:29]} g6 {[%clk 1:31:32]} 4. Bg5
{[%clk 1:31:34]} Bg7 {[%clk 1:31:47]} 5. e5 {[%clk 1:31:53]} dxe5
{[%clk 1:29:53]} 6. dxe5 {[%clk 1:32:09]} Nfd7 {[%clk 1:29:06]} 7. e6
{[%clk 1:31:08]} fxe6 {[%clk 1:21:18]} 8. Qe2 {[%clk 1:30:31]} e5
{[%clk 1:12:41]} 9. Rd1 {[%clk 1:26:13]} O-O {[%clk 1:11:48]} 10. Nf3
{[%clk 1:24:38]} c6 {[%clk 1:05:25]} 11. Qe4 {[%clk 1:17:42]} Qe8
{[%clk 0:54:22]} 12. Bc4+ {[%clk 1:12:57]} Kh8 {[%clk 0:49:29]} 13. O-O
{[%clk 1:09:17]} Nb6 {[%clk 0:36:24]} 14. Nxe5 {[%clk 0:58:37]} Bf5
{[%clk 0:17:43]} 15. Qe2 {[%clk 0:53:43]} Nxc4 {[%clk 0:17:31]} 16. Nxc4
{[%clk 0:51:34]} Qf7 {[%clk 0:15:59]} 17. Bxe7 {[%clk 0:43:10]} Re8
{[%clk 0:15:59]} 18. Nd6 {[%clk 0:42:09]} Qxe7 {[%clk 0:13:01]} 19. Nxe8
{[%clk 0:42:29]} Be5 {[%clk 0:10:40]} 20. Rd8 {[%clk 0:38:37]} Bxc2
{[%clk 0:08:07]} 21. Nc7+ {[%clk 0:34:22]} Qxd8 {[%clk 0:05:55]} 22. Qxe5+
{[%clk 0:34:41]} Kg8 {[%clk 0:06:12]} 23. Nxa8 {[%clk 0:34:35]} Na6
{[%clk 0:05:55]} 24. Re1 {[%clk 0:30:29]} Qxa8 {[%clk 0:05:55]} 25. Qe6+
{[%clk 0:30:50]} Kh8 {[%clk 0:05:09]} 26. Qf7 {[%clk 0:30:37]} 1-0

[Event "MSRCH16"]
[Site "?"]
[Date "2026.04.11"]
[Round "2.18"]
[White "Sykora, Miro"]
[Black "Nevicky, Nikola"]
[Result "1/2-1/2"]
[BlackElo "1974"]
[WhiteElo "1671"]
[LiveChessVersion "1.4.8"]

1. e4 {[%clk 1:30:57]} c5 {[%clk 1:30:49]} 2. Nf3 {[%clk 1:31:23]} e6
{[%clk 1:31:12]} 3. d4 {[%clk 1:30:31]} cxd4 {[%clk 1:31:39]} 4. Qxd4
{[%clk 1:30:26]} Nc6 {[%clk 1:31:39]} 5. Qd3 {[%clk 1:30:41]} Nf6
{[%clk 1:29:25]} 6. Nc3 {[%clk 1:28:09]} Bc5 {[%clk 1:25:35]} 7. Be2
{[%clk 1:24:03]} h6 {[%clk 1:19:45]} 8. O-O {[%clk 1:22:29]} O-O {[%clk 1:19:28]}
9. e5 {[%clk 1:17:00]} Ne8 {[%clk 1:03:17]} 10. Ne4 {[%clk 1:05:38]} Be7
{[%clk 1:03:39]} 11. Rd1 {[%clk 1:03:31]} f5 {[%clk 1:03:44]} 12. exf6
{[%clk 0:58:13]} Nxf6 {[%clk 1:03:46]} 13. c3 {[%clk 0:50:44]} Ng4
{[%clk 0:55:54]} 14. h3 {[%clk 0:46:59]} Nge5 {[%clk 0:55:12]} 15. Nxe5
{[%clk 0:46:12]} Nxe5 {[%clk 0:55:31]} 16. Qg3 {[%clk 0:46:27]} Nf7
{[%clk 0:54:13]} 17. Qg6 {[%clk 0:33:01]} Ne5 {[%clk 0:43:14]} 18. Qg3
{[%clk 0:33:09]} Nf7 {[%clk 0:42:56]} 19. Qg6 Kh8 20. Nf6 Bxf6 1/2-1/2

[Event "MSRCH16"]
[Site "?"]
[Date "2026.04.11"]
[Round "2.19"]
[White "Livnansky, Michal"]
[Black "Slivka, Martin"]
[Result "1-0"]
[BlackElo "1657"]
[WhiteElo "1910"]
[LiveChessVersion "1.4.8"]

1. d4 {[%clk 1:30:58]} Nf6 {[%clk 1:30:57]} 2. Nf3 {[%clk 1:31:24]} g6
{[%clk 1:30:37]} 3. c4 {[%clk 1:31:20]} Bg7 {[%clk 1:31:03]} 4. Nc3
{[%clk 1:30:05]} d6 {[%clk 1:29:47]} 5. e4 {[%clk 1:30:11]} O-O {[%clk 1:29:30]}
6. Be2 {[%clk 1:28:34]} Nbd7 {[%clk 1:18:36]} 7. O-O {[%clk 1:28:32]} e5
{[%clk 1:18:31]} 8. d5 {[%clk 1:14:30]} Nc5 {[%clk 1:17:09]} 9. Qc2
{[%clk 1:13:14]} a5 {[%clk 1:15:41]} 10. Ne1 {[%clk 1:11:17]} Nfd7
{[%clk 1:05:18]} 11. Be3 {[%clk 1:10:19]} f5 {[%clk 1:03:23]} 12. f3
{[%clk 1:10:19]} f4 {[%clk 1:01:13]} 13. Bf2 {[%clk 1:09:57]} h5 {[%clk 0:56:21]}
14. Nd3 {[%clk 1:06:41]} g5 {[%clk 0:46:41]} 15. a3 {[%clk 1:04:11]} Nxd3
{[%clk 0:43:30]} 16. Bxd3 {[%clk 1:04:33]} g4 {[%clk 0:41:16]} 17. b4
{[%clk 1:02:51]} Qg5 {[%clk 0:38:41]} 18. fxg4 {[%clk 1:01:22]} Qxg4
{[%clk 0:28:05]} 19. Nb5 {[%clk 0:49:49]} f3 {[%clk 0:17:18]} 20. Be3
{[%clk 0:49:13]} axb4 {[%clk 0:11:48]} 21. axb4 {[%clk 0:44:25]} Rxa1
{[%clk 0:08:37]} 22. Rxa1 {[%clk 0:43:49]} h4 {[%clk 0:06:47]} 23. Rf1
{[%clk 0:38:39]} fxg2 {[%clk 0:02:57]} 24. Rxf8+ {[%clk 0:32:43]} Kxf8
{[%clk 0:03:24]} 25. Qxg2 {[%clk 0:27:38]} Qd1+ {[%clk 0:03:46]} 26. Qf1+
{[%clk 0:28:03]} Qxf1+ {[%clk 0:03:47]} 27. Kxf1 {[%clk 0:28:32]} Nf6
{[%clk 0:04:05]} 28. Nxc7 {[%clk 0:25:10]} Ng4 {[%clk 0:04:12]} 29. Bg5
{[%clk 0:23:38]} Nxh2+ {[%clk 0:01:33]} 30. Kg2 {[%clk 0:23:44]} Ng4
{[%clk 0:01:59]} 31. Bxh4 {[%clk 0:23:54]} Bf6 {[%clk 0:00:40]} 32. Bg3
{[%clk 0:21:43]} Ke7 {[%clk 0:00:44]} 33. c5 {[%clk 0:20:59]} Kd7
{[%clk 0:00:38]} 34. Nb5 {[%clk 0:21:00]} Be7 {[%clk 0:00:41]} 35. Kf3
{[%clk 0:19:17]} dxc5 {[%clk 0:00:31]} 36. Kxg4 {[%clk 0:18:55]} 1-0

[Event "MSRCH16"]
[Site "?"]
[Date "2026.04.11"]
[Round "2.20"]
[White "Vavra, Martin"]
[Black "Lukianov, Mykhailo"]
[Result "1/2-1/2"]
[BlackElo "1652"]
[WhiteElo "1798"]
[LiveChessVersion "1.4.8"]

1. e4 {[%clk 1:30:49]} c5 {[%clk 1:30:02]} 2. Nf3 {[%clk 1:31:13]} Nc6
{[%clk 1:30:09]} 3. d4 {[%clk 1:31:37]} cxd4 {[%clk 1:30:26]} 4. Nxd4
{[%clk 1:31:59]} e5 {[%clk 1:28:42]} 5. Nb5 {[%clk 1:32:09]} d6 {[%clk 1:28:45]}
6. N1c3 {[%clk 1:32:22]} a6 {[%clk 1:29:07]} 7. Na3 {[%clk 1:32:45]} b5
{[%clk 1:29:22]} 8. Nd5 {[%clk 1:33:08]} Nf6 {[%clk 1:29:41]} 9. Bg5
{[%clk 1:33:20]} Be7 {[%clk 1:30:02]} 10. Bxf6 {[%clk 1:33:20]} Bxf6
{[%clk 1:30:22]} 11. c3 {[%clk 1:32:58]} Bb7 {[%clk 1:30:14]} 12. Nc2
{[%clk 1:32:34]} O-O {[%clk 1:29:55]} 13. a4 {[%clk 1:32:09]} Na7
{[%clk 1:19:17]} 14. Nce3 {[%clk 1:21:40]} Bg5 {[%clk 1:15:30]} 15. h4 Bxe3
{[%clk 1:15:13]} 16. fxe3 {[%clk 1:15:53]} f5 {[%clk 0:48:57]} 17. exf5
{[%clk 1:15:01]} Rxf5 {[%clk 0:46:05]} 18. e4 {[%clk 1:12:24]} Rf8
{[%clk 0:38:36]} 19. axb5 {[%clk 1:12:21]} Nxb5 {[%clk 0:38:05]} 20. Bxb5
{[%clk 1:12:38]} axb5 {[%clk 0:38:26]} 21. Rxa8 {[%clk 1:12:30]} Bxa8
{[%clk 0:38:31]} 22. Qb3 {[%clk 1:12:30]} Qa5 {[%clk 0:27:48]} 23. Ke2
{[%clk 1:11:40]} Kh8 {[%clk 0:27:32]} 24. Rh3 {[%clk 1:08:17]} Bxd5
{[%clk 0:25:07]} 25. Qxd5 {[%clk 1:08:04]} Qa1 {[%clk 0:25:11]} 26. Qd2
{[%clk 0:59:32]} Qf1+ {[%clk 0:22:20]} 27. Ke3 {[%clk 0:59:52]} Qf4+
{[%clk 0:21:56]} 28. Kd3 {[%clk 0:59:24]} Qf1+ {[%clk 0:22:16]} 29. Qe2
{[%clk 0:58:41]} Qb1+ {[%clk 0:22:34]} 30. Qc2 Qf1+ 1/2-1/2

[Event "MSRCH16"]
[Site "?"]
[Date "2026.04.11"]
[Round "2.21"]
[White "Papay, Aurel"]
[Black "Toth, Peter"]
[Result "1/2-1/2"]
[BlackElo "1756"]
[WhiteElo "1625"]
[LiveChessVersion "1.4.8"]

1. c4 {[%clk 1:30:50]} Nf6 {[%clk 1:30:56]} 2. Nc3 {[%clk 1:31:15]} g6
{[%clk 1:31:08]} 3. g3 {[%clk 1:31:13]} Bg7 {[%clk 1:27:13]} 4. Bg2
{[%clk 1:30:54]} c5 {[%clk 1:24:52]} 5. e4 {[%clk 1:29:27]} Nc6 {[%clk 1:23:05]}
6. Nge2 {[%clk 1:29:25]} e5 {[%clk 1:17:58]} 7. O-O {[%clk 1:29:18]} d6
{[%clk 1:16:59]} 8. d3 {[%clk 1:29:28]} Bg4 {[%clk 1:13:17]} 9. h3
{[%clk 1:28:01]} Bxe2 {[%clk 1:10:34]} 10. Nxe2 {[%clk 1:26:19]} O-O
{[%clk 1:09:17]} 11. Be3 {[%clk 1:25:22]} Nd7 {[%clk 1:00:32]} 12. Rb1
{[%clk 1:20:29]} f5 {[%clk 0:53:57]} 13. exf5 {[%clk 1:14:28]} Rxf5
{[%clk 0:50:50]} 14. Nc3 {[%clk 1:08:30]} Rf8 {[%clk 0:43:21]} 15. Ne4
{[%clk 1:01:03]} Nf6 {[%clk 0:37:20]} 16. a3 {[%clk 0:56:09]} a5 {[%clk 0:31:08]}
17. Qa4 {[%clk 0:33:43]} Qc7 {[%clk 0:25:04]} 18. Nc3 {[%clk 0:24:13]} Qd7
{[%clk 0:17:56]} 19. Nd5 {[%clk 0:19:27]} Nxd5 {[%clk 0:15:09]} 20. cxd5
{[%clk 0:17:51]} Nb8 {[%clk 0:15:11]} 21. Qxd7 {[%clk 0:14:24]} Nxd7
{[%clk 0:14:11]} 22. b4 {[%clk 0:14:43]} axb4 {[%clk 0:11:39]} 23. axb4
{[%clk 0:14:54]} cxb4 {[%clk 0:02:48]} 24. Rxb4 {[%clk 0:05:21]} Nf6
{[%clk 0:01:33]} 25. Rb6 Ra6 {[%clk 0:00:54]} 26. Rfb1 {[%clk 0:05:03]} Rf7 27.
Rxa6 {[%clk 0:04:06]} bxa6 {[%clk 0:01:20]} 28. Rb6 {[%clk 0:04:02]} Bf8 29. Rxa6
Kg7 {[%clk 0:00:53]} 30. Ra7 {[%clk 0:03:50]} Rxa7 {[%clk 0:01:15]} 31. Bxa7
{[%clk 0:04:13]} Kf7 {[%clk 0:01:29]} 32. Bf3 {[%clk 0:01:20]} Ke7
{[%clk 0:00:52]} 33. g4 {[%clk 0:01:23]} g5 {[%clk 0:00:58]} 34. Bb6
{[%clk 0:01:09]} h6 {[%clk 0:00:40]} 35. Be4 {[%clk 0:00:41]} Kf7 36. Bf5 Nxd5
{[%clk 0:00:55]} 37. Ba5 {[%clk 0:00:44]} 1/2-1/2

[Event "MSRCH16"]
[Site "?"]
[Date "2026.04.11"]
[Round "2.22"]
[White "Torok, Aron Levente"]
[Black "Artner, Jakub"]
[Result "0-1"]
[BlackElo "1629"]
[WhiteElo "1749"]
[LiveChessVersion "1.4.8"]

1. d4 {[%clk 1:30:56]} Nf6 {[%clk 1:30:53]} 2. c4 {[%clk 1:30:41]} e6
{[%clk 1:30:39]} 3. Nc3 {[%clk 1:30:39]} d5 {[%clk 1:29:28]} 4. Bg5
{[%clk 1:29:36]} Be7 {[%clk 1:29:43]} 5. Nf3 {[%clk 1:28:17]} O-O
{[%clk 1:28:58]} 6. e3 {[%clk 1:27:49]} h6 {[%clk 1:28:42]} 7. Bh4
{[%clk 1:26:18]} Re8 {[%clk 1:26:54]} 8. Bd3 {[%clk 1:24:29]} dxc4
{[%clk 1:26:56]} 9. Bxc4 {[%clk 1:24:50]} b6 {[%clk 1:26:40]} 10. O-O
{[%clk 1:23:50]} Bb7 {[%clk 1:26:49]} 11. h3 {[%clk 1:22:52]} Ne4
{[%clk 1:20:53]} 12. Bxe7 {[%clk 1:21:34]} Qxe7 {[%clk 1:20:23]} 13. Rc1
{[%clk 1:19:43]} Nd7 {[%clk 1:09:53]} 14. Qc2 {[%clk 1:13:58]} Nxc3
{[%clk 1:03:29]} 15. Qxc3 {[%clk 1:14:11]} a6 {[%clk 0:55:23]} 16. Rfe1
{[%clk 1:09:58]} Nf6 {[%clk 0:53:00]} 17. Qc2 {[%clk 1:05:41]} Rac8
{[%clk 0:47:38]} 18. e4 {[%clk 1:04:32]} Qf8 {[%clk 0:40:34]} 19. Rcd1
{[%clk 1:02:51]} c5 {[%clk 0:38:03]} 20. d5 {[%clk 0:59:05]} b5 {[%clk 0:37:08]}
21. d6 {[%clk 0:57:52]} Red8 {[%clk 0:32:51]} 22. e5 {[%clk 0:56:38]} Nd7
{[%clk 0:32:14]} 23. Bd3 {[%clk 0:55:37]} Nb6 {[%clk 0:25:22]} 24. Be4
{[%clk 0:52:23]} Bd5 {[%clk 0:23:43]} 25. Nd2 {[%clk 0:50:12]} c4
{[%clk 0:21:44]} 26. Bxd5 {[%clk 0:48:37]} Nxd5 {[%clk 0:21:18]} 27. Ne4
{[%clk 0:47:57]} Qe8 {[%clk 0:19:36]} 28. Nc3 {[%clk 0:46:51]} Nxc3
{[%clk 0:19:02]} 29. Qxc3 {[%clk 0:47:12]} Qc6 {[%clk 0:18:48]} 30. Rc1
{[%clk 0:44:00]} Qb7 {[%clk 0:18:03]} 31. Qd4 {[%clk 0:42:44]} a5
{[%clk 0:16:08]} 32. Rc3 {[%clk 0:41:56]} Qd5 {[%clk 0:12:20]} 33. Rd1
{[%clk 0:40:44]} Rc5 {[%clk 0:08:52]} 34. f4 {[%clk 0:40:16]} b4 {[%clk 0:07:37]}
35. Rc2 {[%clk 0:39:21]} Qc6 {[%clk 0:07:22]} 36. Rdc1 {[%clk 0:38:43]} Rc8
{[%clk 0:06:28]} 37. g4 {[%clk 0:33:00]} Qd5 {[%clk 0:05:00]} 38. Qxd5
{[%clk 0:32:48]} exd5 {[%clk 0:05:18]} 39. f5 {[%clk 0:32:48]} Kf8
{[%clk 0:04:25]} 40. e6 {[%clk 0:33:02]} f6 {[%clk 0:02:00]} 41. Kf2
{[%clk 0:32:35]} R5c6 {[%clk 0:01:07]} 42. d7 {[%clk 0:32:30]} Rb8
{[%clk 0:01:04]} 43. Ke3 {[%clk 0:32:14]} Ke7 {[%clk 0:01:27]} 44. Kd4
{[%clk 0:32:28]} Rb5 {[%clk 0:01:29]} 45. b3 {[%clk 0:28:20]} c3 {[%clk 0:01:29]}
46. a3 {[%clk 0:27:19]} bxa3 {[%clk 0:26:53]} 47. Rxc3 {[%clk 0:57:24]} Rxc3
{[%clk 0:27:12]} 48. Rxc3 {[%clk 0:55:19]} a2 {[%clk 0:27:29]} 49. Rc1
{[%clk 0:55:33]} a4 {[%clk 0:27:42]} 50. Ra1 {[%clk 0:53:21]} axb3
{[%clk 0:27:46]} 51. Kc3 {[%clk 0:51:28]} b2 {[%clk 0:27:45]} 0-1

[Event "MSRCH16"]
[Site "?"]
[Date "2026.04.11"]
[Round "2.23"]
[White "Mizanin, Matej"]
[Black "Kosut, Simon"]
[Result "1/2-1/2"]
[BlackElo "1603"]
[WhiteElo "1745"]
[LiveChessVersion "1.4.8"]

1. e4 {[%clk 1:30:58]} c5 {[%clk 1:31:00]} 2. Nf3 {[%clk 1:31:27]} e6
{[%clk 1:31:28]} 3. d4 {[%clk 1:31:55]} cxd4 {[%clk 1:31:57]} 4. Nxd4
{[%clk 1:32:24]} Nc6 {[%clk 1:32:26]} 5. Nc3 {[%clk 1:32:53]} a6 {[%clk 1:32:55]}
6. Nxc6 {[%clk 1:32:32]} bxc6 {[%clk 1:33:18]} 7. f4 {[%clk 1:32:58]} Bc5
{[%clk 1:25:08]} 8. Qg4 {[%clk 1:25:17]} Qf6 9. e5 Qg6 {[%clk 1:17:32]} 10. Qxg6
{[%clk 1:25:03]} hxg6 {[%clk 1:11:14]} 11. Ne4 {[%clk 1:25:32]} Be7
{[%clk 1:10:16]} 12. c4 {[%clk 1:24:16]} f5 {[%clk 0:55:55]} 13. Nd6+
{[%clk 1:22:38]} Bxd6 {[%clk 0:56:13]} 14. exd6 {[%clk 1:23:06]} Nf6
{[%clk 0:56:21]} 15. Bd3 {[%clk 1:21:54]} Bb7 {[%clk 0:56:20]} 16. c5
{[%clk 1:20:03]} Nd5 {[%clk 0:52:46]} 17. Bd2 {[%clk 1:10:06]} Kf7
{[%clk 0:48:51]} 18. Bc4 {[%clk 1:00:16]} Nf6 {[%clk 0:47:48]} 19. O-O
{[%clk 0:45:51]} Ne4 {[%clk 0:42:53]} 20. Be3 {[%clk 0:45:36]} a5
{[%clk 0:41:49]} 21. a4 {[%clk 0:35:54]} Ba6 1/2-1/2

[Event "MSRCH16"]
[Site "?"]
[Date "2026.04.11"]
[Round "2.24"]
[White "Habara, Viliam"]
[Black "Chmurny, Richard"]
[Result "0-1"]
[BlackElo "1734"]
[WhiteElo "1564"]
[LiveChessVersion "1.4.8"]

1. c4 {[%clk 1:30:58]} e6 {[%clk 1:30:02]} 2. Nf3 {[%clk 1:31:17]} d5
{[%clk 1:29:54]} 3. d4 {[%clk 1:30:34]} c5 {[%clk 1:29:38]} 4. Nc3
{[%clk 1:28:43]} Nf6 {[%clk 1:28:33]} 5. Bg5 {[%clk 1:28:41]} Be7
{[%clk 1:24:36]} 6. dxc5 {[%clk 1:23:47]} h6 {[%clk 1:18:47]} 7. Bxf6
{[%clk 1:20:59]} Bxf6 {[%clk 1:18:45]} 8. cxd5 {[%clk 1:15:44]} Bxc3+
{[%clk 1:17:38]} 9. bxc3 {[%clk 1:16:02]} exd5 {[%clk 1:17:59]} 10. c4
{[%clk 1:04:25]} dxc4 {[%clk 1:14:22]} 11. Qxd8+ {[%clk 1:04:39]} Kxd8
{[%clk 1:14:46]} 12. Ne5 {[%clk 1:04:59]} Ke7 {[%clk 1:15:06]} 13. Nxc4
{[%clk 1:04:44]} Na6 {[%clk 1:14:45]} 14. g3 {[%clk 1:04:26]} Be6
{[%clk 1:14:06]} 15. e3 {[%clk 1:01:39]} Nxc5 {[%clk 1:13:09]} 16. Be2
{[%clk 0:57:58]} Bd5 {[%clk 1:12:25]} 17. O-O {[%clk 0:57:58]} Rhd8
{[%clk 1:10:50]} 18. Rfd1 {[%clk 0:57:22]} Rac8 {[%clk 1:09:03]} 19. Rac1
{[%clk 0:56:12]} Ne4 {[%clk 1:07:03]} 20. f3 {[%clk 0:50:44]} Ng5
{[%clk 1:03:21]} 21. e4 {[%clk 0:49:00]} Nxf3+ {[%clk 1:00:22]} 22. Bxf3
{[%clk 0:48:09]} Bxc4 {[%clk 1:00:43]} 23. Rxd8 {[%clk 0:45:56]} Kxd8
{[%clk 1:01:05]} 24. Rc2 {[%clk 0:46:15]} b6 {[%clk 0:59:39]} 25. Bg4
{[%clk 0:45:31]} Be6 {[%clk 0:59:05]} 26. Rd2+ {[%clk 0:45:20]} Ke7
{[%clk 0:59:30]} 27. Bxe6 {[%clk 0:45:32]} Kxe6 {[%clk 0:59:53]} 28. Kf2
{[%clk 0:45:23]} Rc3 {[%clk 0:59:37]} 29. h4 {[%clk 0:44:39]} Ra3
{[%clk 0:58:51]} 30. g4 {[%clk 0:44:53]} Ke5 {[%clk 0:59:09]} 31. Re2
{[%clk 0:44:59]} Kf4 {[%clk 0:59:30]} 32. e5 {[%clk 0:44:33]} Kxg4
{[%clk 0:59:44]} 33. Re4+ {[%clk 0:44:44]} Kh5 {[%clk 0:59:23]} 34. Rf4
{[%clk 0:44:38]} Rxa2+ {[%clk 0:59:30]} 35. Kg3 {[%clk 0:45:01]} Ra3+
{[%clk 0:59:37]} 36. Kg2 {[%clk 0:45:17]} f6 {[%clk 0:58:23]} 37. e6
{[%clk 0:45:35]} Re3 {[%clk 0:58:48]} 38. Ra4 {[%clk 0:45:18]} a5
{[%clk 0:59:12]} 39. Rc4 {[%clk 0:45:12]} Rxe6 {[%clk 0:59:36]} 40. Rc7
{[%clk 0:45:32]} Kg6 {[%clk 0:59:46]} 41. h5+ {[%clk 0:45:21]} Kh7
{[%clk 0:59:45]} 42. Kf3 {[%clk 0:45:38]} Re5 {[%clk 1:00:04]} 43. Rc6
{[%clk 0:45:44]} Rxh5 {[%clk 1:00:18]} 44. Rxb6 {[%clk 0:46:06]} Rh1
{[%clk 1:00:40]} 45. Ra6 {[%clk 0:46:22]} Ra1 {[%clk 1:01:02]} 46. Ra7
{[%clk 0:46:45]} a4 {[%clk 1:01:19]} 47. Kg4 {[%clk 0:46:58]} a3 {[%clk 1:01:41]}
48. Kf4 {[%clk 0:46:59]} a2 {[%clk 1:02:05]} 49. Kg4 {[%clk 0:47:25]} Rg1+
{[%clk 1:02:31]} 0-1

[Event "MSRCH16"]
[Site "?"]
[Date "2026.04.11"]
[Round "2.25"]
[White "Kostov, Rubin"]
[Black "Kralovensky, Jan"]
[Result "1/2-1/2"]
[BlackElo "1581"]
[WhiteElo "1702"]
[LiveChessVersion "1.4.8"]

1. c4 {[%clk 1:30:58]} e5 {[%clk 1:30:46]} 2. Nc3 {[%clk 1:31:21]} Nc6
{[%clk 1:30:37]} 3. g3 {[%clk 1:31:39]} f5 {[%clk 1:30:23]} 4. Bg2
{[%clk 1:32:00]} Bc5 {[%clk 1:29:41]} 5. e3 {[%clk 1:32:20]} Nf6 {[%clk 1:29:12]}
6. Nge2 {[%clk 1:32:39]} a6 {[%clk 1:27:39]} 7. O-O {[%clk 1:32:51]} O-O
{[%clk 1:27:07]} 8. d4 {[%clk 1:31:30]} Ba7 {[%clk 1:26:41]} 9. dxe5
{[%clk 1:30:12]} Nxe5 {[%clk 1:25:54]} 10. b3 {[%clk 1:30:29]} d6
{[%clk 1:20:49]} 11. Bb2 {[%clk 1:30:43]} Re8 {[%clk 1:18:09]} 12. Nf4
{[%clk 1:29:17]} g6 {[%clk 1:15:53]} 13. Ncd5 {[%clk 1:29:06]} Nxd5
{[%clk 1:14:58]} 14. Qxd5+ {[%clk 1:28:54]} Nf7 {[%clk 1:13:03]} 15. Rad1
{[%clk 1:26:11]} c6 {[%clk 1:09:13]} 16. Qd2 {[%clk 1:26:23]} Qe7
{[%clk 0:58:58]} 17. Ba3 {[%clk 1:22:20]} Bb8 {[%clk 0:58:34]} 18. Rfe1
{[%clk 1:20:45]} Bc7 {[%clk 0:48:59]} 19. e4 {[%clk 1:14:46]} Qg5
{[%clk 0:41:32]} 20. Bb2 {[%clk 1:10:52]} Ne5 {[%clk 0:35:56]} 21. Qc3
{[%clk 1:08:21]} Qh6 {[%clk 0:34:49]} 22. Nd3 {[%clk 1:06:30]} Nf7
{[%clk 0:34:55]} 23. c5 {[%clk 1:05:13]} dxc5 {[%clk 0:33:59]} 24. Nxc5
{[%clk 1:05:05]} Ne5 {[%clk 0:33:19]} 25. f4 {[%clk 0:57:45]} Nf7
{[%clk 0:33:35]} 26. e5 {[%clk 0:53:24]} Bb6 {[%clk 0:27:55]} 27. Kh1
{[%clk 0:53:34]} Bxc5 {[%clk 0:28:02]} 28. Qxc5 {[%clk 0:53:47]} Be6
{[%clk 0:28:09]} 29. Rd2 {[%clk 0:53:07]} Qf8 {[%clk 0:27:40]} 30. Qa5
{[%clk 0:52:03]} Red8 {[%clk 0:25:00]} 31. Ba3 {[%clk 0:49:08]} Qe8
{[%clk 0:25:01]} 32. Bd6 {[%clk 0:48:08]} Nxd6 {[%clk 0:20:29]} 33. exd6
{[%clk 0:45:15]} Qd7 {[%clk 0:19:32]} 34. Red1 {[%clk 0:44:25]} Re8
{[%clk 0:19:02]} 35. Qb6 {[%clk 0:32:38]} Rac8 {[%clk 0:17:39]} 1/2-1/2

[Event "MSRCH16"]
[Site "?"]
[Date "2026.04.11"]
[Round "2.27"]
[White "Stolar, Matus"]
[Black "Drabek, Matej"]
[Result "1-0"]
[BlackElo "1560"]
[WhiteElo "1688"]
[LiveChessVersion "1.4.8"]

1. e4 {[%clk 1:30:58]} e5 {[%clk 1:30:55]} 2. Nf3 {[%clk 1:31:24]} Nc6
{[%clk 1:30:58]} 3. Bc4 {[%clk 1:31:48]} Bc5 {[%clk 1:31:23]} 4. c3
{[%clk 1:32:13]} Nf6 {[%clk 1:31:48]} 5. d3 {[%clk 1:32:23]} d6 {[%clk 1:32:08]}
6. O-O {[%clk 1:32:39]} O-O {[%clk 1:32:36]} 7. Re1 {[%clk 1:32:26]} a6
{[%clk 1:24:59]} 8. a4 {[%clk 1:31:02]} Ba7 {[%clk 1:24:40]} 9. Be3
{[%clk 1:28:03]} Bxe3 {[%clk 1:14:58]} 10. Rxe3 {[%clk 1:27:39]} Ne7
{[%clk 1:15:02]} 11. Nbd2 {[%clk 1:27:20]} Ng6 {[%clk 1:15:14]} 12. d4
{[%clk 1:15:19]} exd4 {[%clk 1:02:16]} 13. cxd4 {[%clk 1:09:04]} d5
{[%clk 1:02:19]} 14. Bd3 {[%clk 0:57:17]} Nf4 {[%clk 0:25:12]} 15. Bb1
{[%clk 0:45:24]} dxe4 {[%clk 0:21:32]} 16. Nxe4 {[%clk 0:40:53]} Bf5
{[%clk 0:15:36]} 17. Ng3 {[%clk 0:27:57]} Bxb1 {[%clk 0:14:54]} 18. Rxb1
{[%clk 0:26:21]} Re8 {[%clk 0:14:05]} 19. Rxe8+ {[%clk 0:22:32]} Qxe8
{[%clk 0:14:17]} 20. Ne5 {[%clk 0:22:27]} Rd8 {[%clk 0:10:15]} 21. Rc1
{[%clk 0:21:01]} c6 {[%clk 0:09:43]} 22. a5 {[%clk 0:18:18]} Qe6 {[%clk 0:07:12]}
23. Qa4 {[%clk 0:15:13]} Qd5 {[%clk 0:06:49]} 24. Nf3 {[%clk 0:14:03]} N6h5
{[%clk 0:05:57]} 25. Rc5 {[%clk 0:09:08]} Qe6 {[%clk 0:00:32]} 26. Nxh5
{[%clk 0:05:38]} Ne2+ {[%clk 0:00:42]} 27. Kf1 {[%clk 0:04:03]} Nxd4
{[%clk 0:00:45]} 1-0